Medallero de los Juegos Olímpicos - Helsinki 1952 - Estadísticas

Estadísticas generales
  • Esta prueba ha sido intentada 7 veces
  • La puntuación promedio es 8 de 10
Estadísticas de respuestas
Oro Plata Bronce Total País % Correcto
40 19 17 76 Estados Unidos
100%
16 10 16 42 Francia
100%
22 30 19 71 Suecia
100%
8 9 4 21 Finlandia
86%
6 3 13 22 Reino Unido
86%
6 6 6 18 Suiza
71%
2 6 6 14 Dinamarca
57%
12 13 10 35 Hungría
57%
0 7 17 24 Italia
57%
7 3 3 13 Países Bajos
57%
No se encontraron pruebas coincidentes
Distribución de puntuación
Porcentaje de gente con cada puntuación
Porcentaje por número respondido
Historial de tus puntuaciones
No has intentado esta prueba.